000 01051nac a22003137a 4500
001 BR7806880
003 BR-BrBNA
005 20240105114333.0
008 230509b bl.|||m| |||| 00| 0 por d
040 _aBR-BrBNA
_bpor
_cBiblioteca Nacional de Agricultura
072 _aE70; M00
090 _a9800 BR7806880
110 1 _aPrograma de Pesquisa e Desenvolvimento Pesqueiro do Brasil, Brasilia, DF
_97975
245 1 _aBoletim do mercado pesqueiro, dados estatisticos e informacoes gerais [estatistica comercial, Brasil]
260 3 _aBrasilia, DF (Brasil):
_c1978.
300 _a39 p.
490 _aBoletim do Mercado Pesqueiro - Programa de Pesquisa e Desenvolvimento Pesqueiro do Brasil (Brazil)
_vv. 10(9)
_x
500 _aNumerical data
650 _aPEIXE
650 _aCRUSTACEO
650 _aMOLUSCO
650 _aEXPORTACAO
650 _aIMPORTACAO
650 _aMERCADO ATACADISTA
650 _aMERCADO INTERNACIONAL
650 _aPRECO MEDIO
909 _a202312
_bLúcia Elande
_c55
_dLúcia Elande
942 _2AGRIS
_n0
_cMS
999 _c268758
_d268758